Регионална библиотека "Любен Каравелов" - Русе

Христоматия по литература (Запис номер 175286)

MARC детайли
000 -Лидер
Контролно поле с фиксирана дължина nam a22 a 4500
003 - Код на организацията, давaща контролен номер
Контролно поле BLK
005 - Дата и час на последна редакция
Контролно поле 20230406094719.0
008 - Елементи от данни с фиксирана дължина
fixed length control field 180411b bul|||||r ||||||| ||bul||
010 ## - Наследен системен номер
LC control number KNG00183827000
020 ## - Международен стандартен номер на книга ISBN
Международен стандартен номер на книга ISBN 954-426-017-3
040 ## - Източник на каталожния запис
Идентификатор на билиотеката - собственик на записа BLK
041 ## - Код за език
Код за езика на текст/звукозапис или на отделно заглавие Български
Код за езика КДБФ Български
080 ## - УДК
Текстов определител УДК Българска литература
УДК код - определител по УДК 821.163.2
УДК определител (082)(075.3)
УДК - код + определител 821.163.2(082)(075.3)
080 ## - УДК
Текстов определител УДК Българска литература
УДК код - определител по УДК 821.163.2
УДК определител -32
УДК - код + определител 821.163.2-32
139 ## - Редно поле
Редна дума Христоматия по литература
Авторски знак Христом - Х 83
245 10 - Сведения за заглавието
Заглавие Христоматия по литература
Подзаглавни данни За X кл. на СОУ : Ч. 1 - 2
Редно поле (дума) под ред. на на том Стефан Елефтеров.
Том Ч. 2
Заглавие на том Проза
257 ## - Страна на издаване
Страна на създаване/издаване България
260 ## - Област на издателските данни
Място на издаване, разпространение и проч. София
Име на издателя, разпространителя и проч. Анубис
Година на издаване 1992
300 ## - Физическа характеристика
Размери/Мащаб 20 см
380 ## - Жанр
Жанр Худож. лит.
650 #4 - Допълнително описание по предмет – тема
Основно описание – тема или топоним Българска литература - христоматии - учебници за средни училища
9 (RLIN) 258020
700 1# - Други автори (авторска отговорност)
Лично име Елефтеров, Стефан
Автороска отговорност (Описва отношението между автора и произведението) под ред. на на том
9 (RLIN) 369297
760 1# - Описание на основната серия
Страници - том 416 с.
Заглавие Ч. 2 Проза
852 ## - Местоположение
Форматна сигнатура Цб 170194
Фондова буква Хранилище
856 4# - Електронен адрес и достъп
Електронен формат pdf - файл
Инструкция (цена за достъп) 0.00
Права за достъп disable
856 4# - Електронен адрес и достъп
Електронен формат pdf - файл
Инструкция (цена за достъп) 0.00
Права за достъп disable
999 ## - СИСТЕМНИ КОНТРОЛНИ НОМЕРА
Koha biblionumber 175286
Koha biblioitemnumber 175286
942 ## - АРТИКУЛИ
Вид на библиотечния материал Книги
Скрит в OPAC Не
Периодичен библиозапис Да
944 ## - СЪЗДАВАНЕ И РЕДАКЦИЯ на ЗАПИСА
Създаване/Редакция Създаване
Дата на регистрацията/редакция 16.10.2015
Служител, извършил регистрацията/редакцията Кети_Илиева
944 ## - СЪЗДАВАНЕ И РЕДАКЦИЯ на ЗАПИСА
Създаване/Редакция Редакция
Дата на регистрацията/редакция 16.10.2015
Служител, извършил регистрацията/редакцията Кети_Илиева
999 ## - СИСТЕМНИ КОНТРОЛНИ НОМЕРА
Koha biblioitemnumber 175286
999 ## - СИСТЕМНИ КОНТРОЛНИ НОМЕРА
Koha biblioitemnumber 175286
Наличности
Код за отписване Код за изгубен артикул Източник на класификационната схема Код за повреда Коз за рестрикции Код за отдаване Артикулен № Име на библиотеката - собственик Име на библиотеката, в която се намира в момента Статус (Текущо местоположение) Дата на вписване в системата Местоположение - отдел Цена в лева Инвентарен номер Систематично азбучна сигнатура Баркод Номер на екземпляра Цена в евро Служебна бележка Служебен тип на артикула Бележка за публиката
  Не е изгубен Universal Decimal Classification Не е повреден без рестрикции ползва се в читалня 301580 Регионална библиотека "Любен Каравелов" Русе Регионална библиотека "Любен Каравелов" Русе Хранилище 1992-01-01 Хранилище 22.90 574655 Цб 170194 120000574655 1 11.71 Вид: Сф Дата: 01.01.1992 Книги  
Изтеглен Не е изгубен Universal Decimal Classification Не е повреден без рестрикции заемане за дома 301581 Регионална библиотека "Любен Каравелов" Русе Регионална библиотека "Любен Каравелов" Русе Заемна - подръчен фонд 1992-01-01 Заемна - подръчен фонд 1.68 593446 821.163.2.09/Х 83 593446 2 0.86 Вид: Сф Дата: 01.01.1992 Дата инв: 07.02.2018 Бележки инв: П2018 Книги  
Изтеглен Не е изгубен   Не е повреден без рестрикции заемане за дома 301582 Регионална библиотека "Любен Каравелов" Русе Регионална библиотека "Любен Каравелов" Русе   1992-01-01 Детски отдел 0.00 606563 ДХ 886.7/Х 83 606563 3 0.00 Вид: Сф Дата: 01.01.1992 Дата инв: 19.10.2015 Бележки инв: Д2015 Книги Отч.N: 48/17 , Дата: 06.10.2017
Vip Innovations Ltd, Rousse, Bulgaria 2025